भारतरत्न मानकरी (Record no. 108990)

MARC details
000 -LEADER
fixed length control field 00630nam a2200181Ia 4500
008 - FIXED-LENGTH DATA ELEMENTS--GENERAL INFORMATION
fixed length control field 090124s9999 xx 000 0 und d
082 ## - DEWEY DECIMAL CLASSIFICATION NUMBER
Item number 42750
100 ## - MAIN ENTRY--PERSONAL NAME
Personal name भट विठ्ठलराय
245 ## - TITLE STATEMENT
Title भारतरत्न मानकरी
250 ## - EDITION STATEMENT
Edition statement 1
260 ## - PUBLICATION, DISTRIBUTION, ETC. (IMPRINT)
Name of publisher, distributor, etc दास्ताने रामचंद्र आणि कं. पुणे
Date of publication, distribution, etc 2004
300 ## - PHYSICAL DESCRIPTION
Extent 136
600 ## - SUBJECT ADDED ENTRY--PERSONAL NAME
Personal name भट विठ्ठलराय
630 ## - SUBJECT ADDED ENTRY--UNIFORM TITLE
Uniform title भारतरत्न मानकरी
700 ## - ADDED ENTRY--PERSONAL NAME
Personal name भट विठ्ठलराय
730 ## - ADDED ENTRY--UNIFORM TITLE
Uniform title भारतरत्न मानकरी
942 ## - ADDED ENTRY ELEMENTS (KOHA)
Koha item type Book
Holdings
Withdrawn status Lost status Damaged status Not for loan Home library Current library Date acquired Cost, normal purchase price Total Checkouts Full call number Barcode Date last seen Cost, replacement price Price effective from Koha item type
        Nagar Wachan Mandir, Thane Nagar Wachan Mandir, Thane   70.00   42750 THNNWM-42750 01/24/2009 70.00 01/24/2009 Book